01865nam a22003977a 4500003000500000005001700005008004100022010001100063011001100074035001100085040000900096090001000105100004600115245016800161260004000329500006000369502011500429590003700544590004100581590004100622590004100663590004100704590004100745590004200786650003000828650003300858650003300891856006400924901000700988942000900995949007001004949007401074999001901148952015001167952015001317CHAP20220329143839.0120110s2011 mx r 00010 spa d a102713 a103685 a114374 cCHAP aTesis1 aYáñez Chávez, Luis Gerardo.912312110aEvaluación en la producción de tomate (Lycopersicum Mill.) bajo sistemas de manejo convencional y alternativoh[En línea]c/por Luis Gerardo Yañez Chávez aBermejillo, Dgo. :bEl autor,c2011 aPara ver el contenido del material haga clic en la liga aTesis (Ing. Agr. en Sistemas Agricolas de Zonas Áridas UACH. Unidad Regional Universitaria de Zonas Áridas aALEPHb10c20130110lUCH01h1543 aBATCH-UPDb10c20130110lUCH01h1119 aBATCH-UPDb10c20130410lUCH01h0709 aBATCH-UPDb10c20130914lUCH01h1124 aBATCH-UPDb10c20140324lUCH01h1529 aBATCH-UPDb10c20141002lUCH01h0852 aCONVERSIONb10c20130109lUCH01h135714aCultivosxDurango.93025214aSistemas de cultivo.910674614aTomatexRendimiento.9113761 3Finding aiduhttp://10.13.5.2/tesis/114374.pdfzTeclea aqui aBK cFOLL aTesisbBCcTESd33724002317918eTS1gDonaciŁonh53213i114374st aTesisbBCcTESd33724002317959eTS2fc.2gDonaciØnh53214i114374st c102713d102713 00102local4053708TESISaBCbBCcPA_TESISd2019-12-31eDonacionfTESISl0oTesisp33724002317959r2019-12-31 00:00:00tc.2w2019-12-31yTESIS 00102local4051708TESISaBCbBCcPA_TESISd2019-12-31eDonaciŁonfTESISl0oTesisp33724002317918r2019-12-31 00:00:00w2019-12-31yTESIS